08302 2204021 4500001002100000005001700021008004100038035002400079040001200103082001200115090001800127100002500145245009800170260008100268300002100349500002800370650003000398700002400428850001200452990001200464990001200476990001200488990001200500990001200512990001200524990001200536990001200548990001200560990001200572990001200584990001200596990001200608990001200620990001200632990001200644990001200656990001200668990001200680990001200692990001200704990001200716990001200728990001200740990001200752990001200764990001200776990001200788990001200800990001200812990001200824990001200836990001200848990001200860990001200872990001200884990001200896990001200908990001200920990001200932990001200944990001200956990001200968990001200980990001200992990001201004990001201016990001201028990001201040990001201052990001201064990001201076990001201088990001201100990001201112990001201124990001201136990001201148990001201160990001201172990001201184990001201196990001201208990001201220990001201232990001201244990001201256990001201268990001201280990001201292990001201304990001201316990001201328990001201340990001201352990001201364990001201376990001201388990001201400990001201412990001201424990001201436990001201448990001201460990001201472990001201484990001201496990001201508990001201520990001201532990001201544990001201556990001201568990001201580990001201592990001201604990001201616990001201628990001201640990001201652990001201664990001201676990001201688990001201700990001201712990001201724990001201736990001201748990001201760990001201772990001201784990001201796990001201808990001201820990001201832990001201844990001201856990001201868990001201880990001201892990001201904990001201916990001201928990001201940990001201952990001201964990001201976990001201988990001202000990001202012990001202024990001202036990001202048990001202060990001202072990001202084990001202096990001202108990001202120990001202132990001202144990001202156990001202168990001202180990001202192990001202204990001202216990001202228990001202240990001202252990001202264990001202276990001202288990001202300990001202312990001202324990001202336990001202348990001202360990001202372990001202384990001202396990001202408990001202420990001202432990001202444990001202456990001202468990001202480990001202492990001202504990001202516990001202528990001202540990001202552990001202564990001202576990001202588990001202600990001202612990001202624990001202636990001202648990001202660990001202672990001202684990001202696990001202708990001202720990001202732990001202744990001202756990001202768990001202780990001202792990001202804990001202816990001202828990001202840990001202852990001202864990001202876990001202888990001202900990001202912990001202924990001202936990001202948990001202960990001202972990001202984990001202996990001203008990001203020990001203032990001203044990001203056990001203068990001203080990001203092990001203104990001203116990001203128990001203140990001203152990001203164990001203176990001203188990001203200990001203212990001203224990001203236990001203248990001203260990001203272990001203284990001203296990001203308990001203320990001203332990001203344990001203356990001203368990001203380990001203392990001203404990001203416990001203428990001203440990001203452990001203464990001203476990001203488990001203500990001203512990001203524990001203536990001203548990001203560990001203572990001203584990001203596990001203608990001203620990001203632990001203644990001203656990001203668990001203680990001203692990001203704990001203716990001203728990001203740990001203752990001203764990001203776990001203788990001203800990001203812990001203824990001203836990001203848990001203860990001203872990001203884990001203896990001203908990001203920990001203932990001203944990001203956990001203968990001203980990001203992990001204004990001204016990001204028990001204040990001204052990001204064990001204076990001204088990001204100990001204112990001204124990001204136990001204148990001204160990001204172990001204184990001204196990001204208990001204220990001204232990001204244990001204256990001204268YOGYA-0512000000047020120520203801.0 ind  0010-051200000000470 aYOPDYOG a899.221 a899.221 Yas M aYASADIPURA I, R. Ng. aMenak Malebaricoleh R. Ng. Yasadipura I ; alih aksara dan alih bahasa, Soenarko H. Poespito. aJakartabProyek Penerbitan Buku Sastra Indonesia dan Daerah Depdikbudc1982. a...jilidc21 cm. aYang diterima 1,2,3,4,5 aKesusastraan Jawa-tembang aPuspito, Sunarko H. aYOPDYOG a62176-a a62178-a a62182-a a62180-a a62187-a a62186-a a62194-a a62197-a a62179-a a62175-a a62181-a a62188-a a62189-a a62190-a a62192-a a62193-a a62195-a a62196-a a62199-a a62196-a a62179-A a62181-A a62188-A a62189-A a62190-A a62199-A a62176-A a62197-A a62194-A a62186-A a62193-A a62225-A a62179-a a62181-A a62188-A a62189-A a62190-A a62196-a a62199-A a62176-A a62197-A a62194-A a62186-A a62193-A a62225-A a62181-A a62179-a a62188-A a62189-A a62190-A a62196-a a62199-A a62176-A a62197-A a62194-A a62186-A a62193-A a62225-A a62194-a a62179-a a62181-A a62188-A a62189-A a62190-A a62196-a a62199-A a62176-A a62197-A a62186-A a62193-A a62225-A a62193-a a62179-a a62181-A a62188-A a62189-A a62190-A a62196-a a62199-A a62176-A a62197-A a62194-a a62186-A a62225-A a62189-a a62179-a a62181-A a62188-A a62190-A a62196-a a62199-A a62176-A a62197-A a62194-a a62186-A a62193-a a62225-A a62199-a a62179-a a62181-A a62188-A a62189-a a62190-A a62196-a a62176-A a62197-A a62194-a a62186-A a62193-a a62225-A a62188-a a62179-a a62181-A a62189-a a62190-A a62196-a a62199-a a62176-A a62197-A a62194-a a62186-A a62193-a a62225-A a62197-a a62179-a a62181-A a62188-a a62189-a a62190-A a62196-a a62199-a a62176-A a62194-a a62186-A a62193-a a62225-A a62225-a a62179-a a62181-A a62188-a a62189-a a62190-A a62196-a a62199-a a62176-A a62197-a a62194-a a62186-A a62193-a a62196-a a62179-a a62181-A a62188-a a62189-a a62190-A a62199-a a62176-A a62197-a a62194-a a62186-A a62193-a a62225-a a62193-a a62179-a a62181-A a62188-a a62189-a a62190-A a62196-a a62199-a a62176-A a62197-a a62194-a a62186-A a62225-a a62193-a a62179-a a62181-A a62188-a a62189-a a62190-A a62196-a a62199-a a62176-A a62197-a a62194-a a62186-A a62225-a a62196-a a62179-a a62181-A a62188-a a62189-a a62190-A a62199-a a62176-A a62197-a a62194-a a62186-A a62193-a a62225-a a62197-a a62179-a a62181-A a62188-a a62189-a a62190-A a62196-a a62199-a a62176-A a62194-a a62186-A a62193-a a62225-a a62199-a a62179-a a62181-A a62188-a a62189-a a62190-A a62196-a a62176-A a62197-a a62194-a a62186-A a62193-a a62225-a a62225-a a62179-a a62181-A a62188-a a62189-a a62190-A a62196-a a62199-a a62176-A a62197-a a62194-a a62186-A a62193-a a62188-a a62179-a a62181-A a62189-a a62190-A a62196-a a62199-a a62176-A a62197-a a62194-a a62186-A a62193-a a62225-a a62194-a a62179-a a62181-A a62188-a a62189-a a62190-A a62196-a a62199-a a62176-A a62197-a a62186-A a62193-a a62225-a a62194-a a62179-a a62181-A a62188-a a62189-a a62190-A a62196-a a62199-a a62176-A a62197-a a62186-A a62193-a a62225-a a62181-A a62179-a a62188-a a62189-a a62190-A a62196-a a62199-a a62176-A a62197-a a62194-a a62186-A a62193-a a62225-a a62181-A a62179-a a62188-a a62189-a a62190-A a62196-a a62199-a a62176-A a62197-a a62194-a a62186-A a62193-a a62225-a a62179-a a62181-A a62188-a a62189-a a62190-A a62196-a a62199-a a62176-A a62197-a a62194-a a62186-A a62193-a a62225-a